| 000 | 00911nam a2200253 4500 | ||
|---|---|---|---|
| 001 | 127261 | ||
| 003 | ES-MaACL | ||
| 005 | 20230906192957.0 | ||
| 007 | t| | ||
| 008 | 070214s1985 fr r ||||1| fre d | ||
| 100 | 1 |
_aRicoeur, Paul. _997042 |
|
| 245 | 1 | 0 |
_aTemps et récit / _cPaul Ricoeur. |
| 260 |
_aParis : _bSeuil, _c1985. |
||
| 300 |
_a3 v. ; _c21 cm. |
||
| 490 | 1 | _aL'ordre philosophique | |
| 505 | 8 | _aContiene: t. I: Le cercle entre récit et temporalité ; L'histoire et le récit ---- t. II: La configuration du temps dans le récit de fiction ---- t. III: Le temps raconté | |
| 740 | 0 | _aLe cercle entre récit et temporalité. | |
| 740 | 0 | _aL'histoire et le récit. | |
| 740 | 0 | _aLa configuration du temps dans le récit de fiction. | |
| 740 | 0 | _aLe temps raconté. | |
| 830 | 0 |
_aL'ordre philosophique _9177512 |
|
| 852 |
_aES-MaACL _jL-11469-71 _bR.113383 |
||
| 999 |
_c127261 _d127261 |
||